000
00337nam a2200133Ia 4500
008
190723s9999 xx 000 0 und d
020
_a
978-0-521-49767-1
100
_a
Cambridge University Press
245
0
_a
Cambridge IELTS
250
_a
01 V
260
_a
Cambridge
_b
Cambridge university Press
_c
2012
300
_a
156:p
942
_c
BK
999
_c
1993
_d
1993